| 000 | 00734nam a2200229Ia 4500 | ||
|---|---|---|---|
| 003 | GCL | ||
| 008 | 140319s9999 xx 000 0 ara d | ||
| 040 |
_aGCL / _cGCL |
||
| 082 | 0 | 4 |
_a320.956 _bا ح |
| 100 | 1 | _aامين هويدى | |
| 245 | 1 | 0 |
_aالحرب والسلام فى الفكر الاستراتيجى الاسرائيلى / _cامين هويدى |
| 260 |
_a[S.N] : _bدار المستقبل العربى ، _c1994 |
||
| 300 | _a64 ص | ||
| 490 | _a | ||
| 650 | 0 | 4 | _aالعالم العربى |
| 650 | 0 | 4 | _aالنزاع العربى الاسرائيلى |
| 650 | 0 | 4 | _aفلسطين |
| 650 | 0 | 4 | _aاسرائيل |
| 650 | 0 | 4 | _aالسياسة الخارجية |
| 650 | 0 | 4 | _aالامن القومى |
| 942 |
_2ddc _cBK |
||
| 999 |
_c34626 _d34626 |
||